Devinez les pays se dessinant - Statistiques

Statistiques générales
  • Ce quiz a été pris 128 233 fois
  • Le résultat moyen est 4 sur 16
Réponses sur la Carte
Les réponses sont colorées sur une échelle allant du rouge au vert en fonction du pourcentage des utilisateurs qui les ont devinées à leur premier essai. Vous pouvez retrouver ces pourcentages ci-dessous.
 
Statistiques - réponses
% Correct
Espagne
48%
Etats-Unis
48%
France
48%
Italie
48%
Royaume-Uni
48%
Russie
47%
Chili
46%
Inde
46%
Australie
45%
Norvège
44%
Égypte
43%
Japon
43%
Maroc
43%
Mexique
43%
Afrique du Sud
42%
Chypre
42%
Croatie
42%
Turquie
42%
Chine
41%
Allemagne
40%
Brésil
40%
Grèce
40%
Portugal
40%
Madagascar
39%
Viêt Nam
39%
Autriche
38%
Islande
38%
Somalie
37%
Thaïlande
37%
Algérie
36%
Mali
36%
Argentine
35%
Irlande
35%
Israël
35%
Nouvelle-Zélande
35%
Sénégal
35%
Suisse
35%
Ukraine
35%
Cuba
34%
Suède
34%
Birmanie
33%
Gambie
33%
Libye
32%
Népal
32%
Sri Lanka
32%
Bénin
31%
Papouasie-Nouvelle-Guinée
31%
Finlande
30%
Pays-Bas
30%
Tchad
30%
Belgique
29%
Vatican
29%
Danemark
28%
Laos
28%
Mauritanie
28%
Monaco
28%
Namibie
28%
République tchèque
28%
Bosnie-Herzégovine
27%
Kazakhstan
27%
Pologne
27%
République démocratique du Congo
27%
Arabie Saoudite
26%
Éthiopie
26%
Pakistan
26%
Albanie
25%
Panama
25%
Angola
24%
Bulgarie
24%
Iran
24%
Malaisie
24%
Pérou
24%
Tunisie
24%
Niger
23%
Oman
23%
Yémen
23%
Bangladesh
22%
Érythrée
22%
Jordanie
22%
Syrie
22%
Taïwan
22%
Venezuela
22%
Zambie
22%
Ghana
21%
Irak
21%
Malawi
21%
Moldavie
21%
Mozambique
21%
Ouzbékistan
21%
Haïti
20%
Togo
20%
Cameroun
19%
Émirats arabes unis
19%
Lettonie
19%
Slovénie
19%
Afghanistan
18%
Côte d'Ivoire
18%
Gabon
18%
Colombie
17%
Corée du Nord
17%
Corée du Sud
17%
Azerbaïdjan
16%
Guinée
16%
Jamaïque
16%
Malte
16%
Tadjikistan
16%
Estonie
15%
Géorgie
15%
Lituanie
15%
Paraguay
15%
République Centrafricaine
15%
Tanzanie
15%
Guyana
14%
Nicaragua
14%
Nigeria
14%
République du Congo
14%
Trinité-et-Tobago
14%
Botswana
13%
Kenya
13%
Koweït
13%
Liban
13%
Soudan du Sud
13%
Zimbabwe
13%
Bolivie
12%
Costa Rica
12%
Kirghizistan
12%
Belize
11%
Guatemala
11%
Liberia
11%
Arménie
10%
Qatar
10%
Djibouti
9%
Uruguay
9%
Brunei
8%
Burundi
8%
Équateur
8%
Sierra Leone
8%
Honduras
7%
République dominicaine
7%
Salvador
7%
Lesotho
6%
Aucun quiz correspondant
Distribution des résultats
% des personnes avec chaque résultat
Percentile par nombre de réponses
Votre historique - résultats
Vous n’avez pas pris ce quiz